Las antenas del destino: obras completas

Gespeichert in:
Bibliographische Detailangaben
1. Verfasser: Quevedo, Violeta (VerfasserIn)
Format: Buch
Sprache:Spanisch
Veröffentlicht: Santiago Imprenta Imperio 1951
Schlagworte:
Tags: Tag hinzufügen
Keine Tags, Fügen Sie den ersten Tag hinzu!

MARC

LEADER 00000nam a2200000 a 4500
001 UCZ1702
003 CL-VaPUC
008 950831e19510000CL |||||||||||||||||spa|d
082 0 4 |a Ch864  |b QUE  |2 21 
100 0 |a Quevedo, Violeta  |e author  |9 345342 
245 1 4 |a Las antenas del destino: obras completas 
300 |a 252 p 
942 |c BK 
945 |d 19950831 00:00:00  |a rbrito 
260 |a Santiago  |b Imprenta Imperio  |c 1951 
650 0 |a Ensayos chilenos   |9 269132 
583 |a last modification  |c 19950831 00:00:00  |k Rodrigo Vera 
999 |c 238410  |d 238408 
952 |0 0  |1 0  |4 0  |6 CH_864_000000000000000_QUE_1951  |7 0  |8 A  |9 248582  |a BIBEDU  |b BIBEDU  |d 2019-11-18  |i 3123022  |o Ch864 QUE 1951  |p 3123022  |r 2019-11-18  |w 2019-11-18  |y BK  |k LIT